000 00773nam a2200265Ia 4500
003 OSt
005 20220918171127.0
006 a|||||r|||| 00| 0
007 ta
008 220917b |||||||| |||| 00| 0 eng d
020 _a9781292060057 (pbk)
_c4682.56
024 _a285,233
037 _bCBS/384, 19/03/2015, Classic Book Service
_cTextual
040 _aARTS
_cARTS
_beng
041 _2eng
_aeng
082 _aW, Q4
100 _aRoskin Michael G
_934323
245 0 _aPolitical science
_b An introduction
250 _a13th ed.
260 _aBoston
_bPearson
_c2014
300 _a356p.
_ccm.
650 _aPOLITICAL SCIENCE
942 _hW, Q4
_cTEXL
_2CC
999 _c137994
_d137994